| 000 | 00521nam a22001937a 4500 | ||
|---|---|---|---|
| 005 | 20260223074625.0 | ||
| 008 | 260223b |||||||| |||| 00| 0 eng d | ||
| 020 | _a9788198441558 | ||
| 040 |
_aIN-DiNC _cIN-DiNC |
||
| 041 | _dasm | ||
| 082 |
_a891.4511 _bGOS |
||
| 100 |
_aGoswami, Rumi _eauthor |
||
| 245 |
_aDapoonat nijoke chaon/ _cby Rumi Goswami |
||
| 250 | _a1st ed. | ||
| 260 |
_aTinsukia: _bRumi Goswami, _c2020. |
||
| 300 | _a291p. | ||
| 650 | _aPoems, lyrics and articles of Rumi Goswami | ||
| 942 |
_2ddc _cBK |
||
| 999 |
_c12310 _d12310 |
||